Top 25 Highest Base Attack Pokémon - Statistics

General Stats
  • This quiz has been taken 337 times
    21 since last reset
  • The average score is 10 of 25
Answer Stats
Stat Generation Pokemon % Correct
190 I (VI) Mega Mewtwo X
80%
180 III Deoxys (Attack)
73%
170 IV (VI) Mega Garchomp
73%
180 III (VI) Mega Rayquaza
67%
180 III (VI) Primal Groudon
67%
181 VII Kartana
53%
170 V Kyurem (Black)
47%
185 II (VI) Mega Heracross
47%
164 II (VI) Mega Tyranitar
47%
160 III Slaking
47%
165 IV (VI) Mega Gallade
40%
160 IV Regigigas
40%
160 II (IX) Mega Feraligatr
33%
167 VII Ultra Necrozma
33%
175 IX Mega Baxcalibur
27%
160 III (VI) Mega Blaziken
27%
165 V (IX) Mega Excadrill
27%
159 V (IX) Mega Golurk
27%
160 VI Hoopa (Unbound)
20%
165 VIII Ice Rider Calyrex
20%
160 IX Palafin (Hero)
20%
165 IV Rampardos
20%
160 VI Mega Diancie
13%
160 VIII Galarian Darmanitan Zen Mode
7%
165 III (VI) Mega Banette
7%
No matching quizzes found
Score Distribution
Percent of People with Each Score
Percentile by Number Answered
Your Score History
You have not taken this quiz since the last reset